Aktuálne trendy a prístupy k integrácii manažérksych systémov

Aktuálne trendy a prístupy k integrácií manažérskych systémov. Výhody a riziká, ktoré integrácia manažérskych systémov so sebou prináša.

Salvato in:
Dettagli Bibliografici
Autore principale: Lusková, Mária
Altri autori: Buganová, Katarína
Natura: Capitolo di libro
Lingua:slovacco
Soggetti:
Tags: Aggiungi Tag
Nessun Tag, puoi essere il primo ad aggiungerne!!

MARC

LEADER 00000nla a2200000 4500
001 0182223
005 20220722095548.8
041 0 |a slo 
044 |a SK 
245 1 0 |a Aktuálne trendy a prístupy k integrácii manažérksych systémov  |c Mária Lusková, Katarína Buganová 
520 |a Aktuálne trendy a prístupy k integrácií manažérskych systémov. Výhody a riziká, ktoré integrácia manažérskych systémov so sebou prináša. 
610 2 0 |a systémy informačné manažérske 
610 2 0 |a normy 
610 2 0 |a integrácia 
610 2 0 |a riziko 
100 1 |a Lusková, Mária 
700 1 |a Buganová, Katarína